Medzinárodné vzťahy 2 Pramene k zahraničnej politike Slovenskej republiky. Úprava vzťahov k európskym štruktúram

Bibliographic Details
Main Author: Šebesta, Štefan, 1940-2014 (Author)
Format: Book
Language:Slovak
PhysicalDescription:275 s. 21 cm
Published: V Bratislave Právnická fakulta Univerzity Komenského 1997
Subjects:

MARC

LEADER 00000nam a2200000 a 4500
001 vtls001358761
003 SK-MaSNL
005 20260301010606.0
008 240509s1997 xo a r y slo
015 |a SNBA1999/06-02080 
035 |a SNK000312289 
035 |a urn:nbn:sk:snk-amkj3a 
035 |a urn:nbn:sk:snk-am008hok 
035 |a 86CEB522-9871-4A45-BD26-EF93D35E9EB0 
040 |a SNK  |b slo  |c SNK  |e AACR2 
041 0 |a slo 
044 |a xo  |c SK 
080 |a 327(437.6)(075.8)  |2 1981 
100 1 |a Šebesta, Štefan,  |d 1940-2014  |4 aut  |9 168121 
245 1 0 |a Medzinárodné vzťahy  |n 2  |p Pramene k zahraničnej politike Slovenskej republiky. Úprava vzťahov k európskym štruktúram  |c [autor: Štefan Šebesta] 
260 |a V Bratislave  |b Právnická fakulta Univerzity Komenského  |c 1997 
300 |a 275 s.  |c 21 cm 
500 |a Údaj o aut. prevzatý z rubu tit. strany 
504 |a Bibliogr. odkazy 
650 0 7 |a politika zahraničná  |z Slovensko  |2 SNK  |9 292641 
650 0 7 |a vzťahy medzinárodné  |2 SNK  |9 284260 
655 7 |a Textbooks (higher)  |2 SNKPHeng  |9 276436 
655 7 |a učebnice vysokých škôl  |2 SNKPH  |9 70191 
655 7 |a učebnice  |2 SNK  |9 22521 
752 |d Bratislava 
958 |a TL 
958 |a NB 
958 |a UV 
999 |c 548593  |d 550523 
952 |t P60, <03>, [BOOK], {603}  |a SNK  |b SNK  |y PREZ  |7 0  |p 17A0185383  |o snkSC 98097/2  |i snkKSP 3190/99  |0 0  |1 0  |4 0  |d 1999-03-26  |f 1  |l 0  |r 2025-09-18 00:00:00  |w 2026-02-23